[Event "Rio Grande op 19th"]
[Site "Rio Grande"]
[Date "2019.07.09"]
[Round "7"]
[White "Shon, Mariano"]
[Black "Yanacon Barrios, Leonel Antonio"]
[Result "1-0"]
[WhiteElo "1618"]
[BlackElo "1244"]
[PlyCount "89"]
[EventDate "2019.07.05"]
[EventType "swiss"]
[EventRounds "7"]
[EventCountry "ARG"]
[SourceTitle "EXT 2020"]
[Source "ChessBase"]
[SourceDate "2019.10.17"]
[SourceVersion "1"]
[SourceVersionDate "2019.10.17"]
[SourceQuality "1"]

1. e4 e5 2. Nf3 Nc6 3. Bb5 Nf6 4. 0-0 Be7 5. Re1 d6 6. h3 Bd7 7. d3 h6 8. Nbd2 0-0 9. Nf1 Nh7 10. Bxc6 Bxc6 11. g4 Bd7 12. Ng3 Ng5 13. Kh2 Nxf3+ 14. Qxf3 Bg5 15. Nf5 Bxc1 16. Raxc1 Qg5 17. h4 Qf4+ 18. Qxf4 exf4 19. Ne7+ Kh7 20. Nd5 c6 21. Nxf4 Bxg4 22. Rg1 Be6 23. Rg3 Bd7 24. Rcg1 Rg8 25. Nh5 Kh8 26. Nxg7 Raf8 27. Nh5 Rxg3 28. Rxg3 f5 29. Rf3 Be8 30. Ng3 f4 31. Nf5 Bg6 32. Rxf4 Bxf5 33. exf5 Kg7 34. Rg4+ Kh7 35. Kg3 Rxf5 36. Re4 Rf7 37. c4 Rd7 38. f4 Kg7 39. d4 Kf6 40. d5 Re7 41. Rxe7 Kxe7 42. Kg4 Kf6 43. Kh5 Kg7 44. a3 b6 45. dxc6 1-0

[Event "Rio Grande op 19th"]
[Site "Rio Grande"]
[Date "2019.07.08"]
[Round "6"]
[White "Yanacon Barrios, Leonel Antonio"]
[Black "Pinedo, Nicolas"]
[Result "0-1"]
[WhiteElo "1244"]
[BlackElo "1728"]
[PlyCount "90"]
[EventDate "2019.07.05"]
[EventType "swiss"]
[EventRounds "7"]
[EventCountry "ARG"]
[SourceTitle "EXT 2020"]
[Source "ChessBase"]
[SourceDate "2019.10.17"]
[SourceVersion "1"]
[SourceVersionDate "2019.10.17"]
[SourceQuality "1"]

1. d4 g6 2. c4 c5 3. d5 d6 4. Nf3 Bg7 5. Qc2 Nf6 6. Nc3 0-0 7. Bg5 e6 8. e4 exd5 9. exd5 Bf5 10. Qc1 Qa5 11. Bd2 Qd8 12. Be2 Re8 13. 0-0 a6 14. Bh6 Nbd7 15. Bxg7 Kxg7 16. Re1 Ne5 17. Nxe5 Rxe5 18. Qd2 Qe7 19. Bf3 Re8 20. Rxe5 Qxe5 21. Qe2 Qd4 22. Qd1 Qxc4 23. Rc1 Qf4 24. h3 h5 25. Ne2 Qb4 26. b3 b5 27. a3 Qa5 28. Ra1 Qd8 29. a4 b4 30. Rc1 a5 31. Ng3 Be4 32. Nxe4 Nxe4 33. Rc4 Nc3 34. Qd2 Qe7 35. Kf1 Qe5 36. g3 Qf5 37. Kg2 Qe5 38. Kf1 Qf5 39. Kg2 Qb1 40. Bxh5 gxh5 41. Rh4 Re5 42. g4 Qe4+ 43. f3 Qe2+ 44. Qxe2 Rxe2+ 45. Kf1 hxg4 0-1

[Event "Rio Grande op 19th"]
[Site "Rio Grande"]
[Date "2019.07.06"]
[Round "2"]
[White "Yanacon Barrios, Leonel Antonio"]
[Black "Zsilavecz, Francisco"]
[Result "0-1"]
[WhiteElo "1244"]
[BlackElo "1741"]
[PlyCount "56"]
[EventDate "2019.07.05"]
[EventType "swiss"]
[EventRounds "7"]
[EventCountry "ARG"]
[SourceTitle "EXT 2020"]
[Source "ChessBase"]
[SourceDate "2019.10.17"]
[SourceVersion "1"]
[SourceVersionDate "2019.10.17"]
[SourceQuality "1"]

1. d4 d5 2. c4 dxc4 3. e3 b5 4. a4 c6 5. axb5 cxb5 6. Qf3 Nc6 7. Qxc6+ Bd7 8. Qb7 a5 9. Qf3 e6 10. Qd1 Nf6 11. b3 Bb4+ 12. Bd2 Bxd2+ 13. Nxd2 c3 14. Nb1 b4 15. Qc2 0-0 16. Nxc3 Qc7 17. Rc1 bxc3 18. Qxc3 Qxc3+ 19. Rxc3 Rab8 20. Bd3 Nd5 21. Rc1 Rxb3 22. Bc4 Rc8 23. Ne2 Rb2 24. 0-0 Rxc4 25. Rxc4 Rxe2 26. Ra1 g6 27. Kf1 Rb2 28. Rxa5 Bb5 0-1

[Event "Rio Grande op 18th"]
[Site "Rio Grande"]
[Date "2018.07.05"]
[Round "1"]
[White "Yanacon Barrios, Leonel Antonio"]
[Black "Crespo, Eugenio"]
[Result "0-1"]
[WhiteElo "1110"]
[BlackElo "2182"]
[PlyCount "38"]
[EventDate "2018.07.05"]
[EventType "swiss"]
[EventRounds "7"]
[EventCountry "ARG"]
[SourceTitle "EXT 2019"]
[Source "ChessBase"]
[SourceDate "2018.10.10"]
[SourceVersion "1"]
[SourceVersionDate "2018.10.10"]
[SourceQuality "1"]

1. d4 Nf6 2. c4 e6 3. Nf3 b6 4. Bf4 Bb7 5. Nbd2 c5 6. g3 cxd4 7. Nb3 Bb4+ 8. Bd2 Bxd2+ 9. Qxd2 e5 10. Bg2 0-0 11. e3 d3 12. 0-0 Re8 13. Ne1 Bxg2 14. Kxg2 e4 15. f3 d5 16. cxd5 Qxd5 17. fxe4 Qxe4+ 18. Rf3 Nbd7 19. Qxd3 Qb7 0-1